00717nam a2200253 a 4500001001300000003000900013005001700022008004100039020001000080082001700090100002900107245002200136250001400158260004000172300000900212500003500221505001000256650002500266700002900291902000800320942000700328952011300335999001500448nice12345678IN_TiNIC20260116011528.0050524s1964 dela grp 000 0 eng  ac1.500a340.59bMAU3 aMaudoodi, Syed Abul Aala aHuqooq-Uz-Zaojain a49th ed.  aDelhibMaekazi Maktaba Islamic1964 a175p aincludes index and biblioraphy2 aTable aIslamic-Law Marriage1 aMaudoodi, Syed Abul Aala bSRS cBK 001040708StackRoom-aHMIbHMId2007-05-04g1.50l0o340.59 MAU3p02489r2007-05-04v1.50w2005-05-24yBK c2347d2347